[Event "Abierto Legislatura Norberto La Porta in memoriam"]
[Site "Buenos Aires, ARG"]
[Date "2009.04.01"]
[Round "1.01"]
[White "Flores, Diego"]
[Black "Benedetti, Julio Luis"]
[Result "1-0"]
[WhiteElo "2585"]
[BlackElo "1924"]

1. Nf3 Nf6 2. c4 e6 3. Nc3 d5 4. d4 Bb4 5. Bg5 O-O 6. e3 Nbd7 7. Qc2 c5 8.
cxd5 exd5 9. Be2 Qa5 10. O-O Bxc3 11. bxc3 Ne4 12. c4 cxd4 13. cxd5 Nxg5 14.
Nxg5 Nf6 15. e4 Re8 16. Bd3 Bd7 17. Rae1 Rac8 18. Qb1 Rc3 19. e5 Nxd5 20. Bxh7+
Kf8 21. Nxf7 Kxf7 22. Qg6+ Ke7 23. Qd6+ Kd8 24. e6 Re7 25. exd7 Rxd7 26.
Qf8+ Kc7 27. Bf5 Rd6 28. Qxg7+ Kc6 29. Qxd4 1-0

[Event "Abierto Legislatura Norberto La Porta in memoriam"]
[Site "Buenos Aires, ARG"]
[Date "2009.04.01"]
[Round "1.07"]
[White "Diaz Hollemaert, Nahuel"]
[Black "Flores Mirabal, Nancy"]
[Result "1-0"]
[WhiteElo "2443"]
[BlackElo "1913"]

1. Nf3 Nf6 2. c4 g6 3. Nc3 Bg7 4. e4 d6 5. d4 Nbd7 6. Be2 e5 7. O-O O-O 8.
Re1 Re8 9. Bf1 c6 10. Rb1 a5 11. d5 cxd5 12. cxd5 Nc5 13. Nd2 Nh5 14. Nc4 f5
15. Be3 b6 16. exf5 Bxf5 17. b4 axb4 18. Rxb4 e4 19. Nb5 Be5 20. Nd4 Bxd4 21.
Qxd4 Nd3 22. Reb1 Nxb4 23. Rxb4 Qe7 24. h3 Ng7 25. Rxb6 Red8 26. Qd2 Ne8 27.
Na5 Qc7 28. Nc6 Rdc8 29. Qb2 Qf7 30. Ba6 Rc7 31. Bb7 Rxa2 32. Qxa2 Rxb7 33.
Ra6 Nc7 34. Nd8 Qe7 35. Nxb7 Nxa6 36. Qxa6 Bc8 37. Qxd6 Qxb7 38. Bc5 Qf7 39.
Qd8+ Kg7 40. Bd4+ 1-0

[Event "Abierto Legislatura Norberto La Porta in memoriam"]
[Site "Buenos Aires, ARG"]
[Date "2009.04.01"]
[Round "1.10"]
[White "Miguel, Luis Oscar"]
[Black "Cubas, Jose Fernando"]
[Result "0-1"]
[WhiteElo "2012"]
[BlackElo "2434"]

1. d4 d5 2. c4 e5 3. e3 exd4 4. exd4 Nf6 5. Nc3 c6 6. Nf3 Bd6 7. Bd3 dxc4 8.
Bxc4 O-O 9. O-O Bg4 10. Be2 Nbd7 11. Be3 Nb6 12. Qd2 h6 13. h3 Bh5 14. Rad1
Re8 15. Qc1 Nbd5 16. Rde1 Nxe3 17. fxe3 Bg3 18. Rd1 Qe7 19. Rd3 Bg6 20. e4
Nxe4 21. Ne5 Nxc3 22. Rxc3 Bxe5 23. dxe5 Qxe5 24. Bc4 Rad8 25. Rcf3 Qd4+ 26. Kh1
Re7 27. Bb3 Rd6 28. Rf4 Qe5 29. R4f2 b5 30. a3 c5 31. a4 c4 32. Ba2 Bd3 33.
Rd1 a6 34. Qd2 Rf6 35. Rxf6 Qxf6 36. axb5 Re2 37. Qa5 Qf2 38. Rg1 Be4 39.
Qd8+ Kh7 0-1

[Event "Abierto Legislatura Norberto La Porta in memoriam"]
[Site "Buenos Aires, ARG"]
[Date "2009.04.01"]
[Round "1.11"]
[White "Bronstein, Luis Marcos"]
[Black "Gomez, Ruben Alfredo"]
[Result "1-0"]
[WhiteElo "2401"]
[BlackElo "1893"]

1. e4 d5 2. exd5 Qxd5 3. Nc3 Qa5 4. d4 Nf6 5. Nf3 Bg4 6. h3 Bh5 7. Bd2 Qb6 8.
Rb1 c6 9. Be3 Nd5 10. Be2 Nxe3 11. fxe3 Nd7 12. O-O e6 13. Ng5 Bg6 14. Bd3
Nf6 15. Bxg6 hxg6 16. Qd3 Rd8 17. Nce4 Be7 18. Nxf7 Kxf7 19. Ng5+ Kg8 20. Qxg6
Rf8 21. Nxe6 Rf7 22. Ng5 Rf8 23. Ne6 Rf7 24. c4 Rh6 25. Qf5 Rh5 26. Ng5 g6
27. Qc8+ Qd8 28. Qxd8+ Bxd8 29. Nxf7 Kxf7 30. Rf3 Ke6 31. Rbf1 Ne4 32. Rf8 Be7
33. Re8 Rh7 34. b3 Nf6 35. Ra8 a6 36. Rf3 Ne4 37. Rg8 Rh6 38. Rf4 Ng3 39.
Kf2 Nf5 40. Ke2 Bg5 41. Rf3 Be7 42. Kd3 Bb4 43. Rb8 Rh7 44. e4 Nh4 45. Rf2 Be1
46. Re2 Bg3 47. Rf8 Ke7 48. Rf1 Ke6 49. c5 Rd7 50. Kc4 g5 51. Rc1 Ng6 52. Rf1
Nh4 53. b4 Rf7 54. d5+ {Tiempo} 1-0

[Event "Abierto Legislatura Norberto La Porta in memoriam"]
[Site "Buenos Aires, ARG"]
[Date "2009.04.01"]
[Round "1.13"]
[White "Tristan, Leonardo"]
[Black "Araoz, Claudio Alberto"]
[Result "1-0"]
[WhiteElo "2393"]
[BlackElo "1887"]

1. e4 d6 2. d4 Nf6 3. Nc3 c6 4. f4 g6 5. Nf3 Bg7 6. Be3 Qa5 7. Qd2 b5 8. Bd3
Nbd7 9. h3 b4 10. Ne2 O-O 11. a3 Rb8 12. O-O c5 13. b3 Qc7 14. axb4 Rxb4 15.
dxc5 dxc5 16. Rxa7 Qc6 17. Nc3 Bb7 18. e5 Nd5 19. Nxd5 Qxd5 20. Bc4 Qxd2 21.
Bxd2 Rb6 22. Ba5 Rb8 23. Rd1 Bxf3 24. gxf3 Nf8 25. Bxb6 Rxb6 26. Rxe7 Ne6 27.
Bxe6 Rxe6 28. Rxe6 fxe6 29. Rd8+ Kf7 30. Rd7+ Kf8 31. Kf2 h5 32. Ke3 Bh6 33.
Rc7 1-0

[Event "Abierto Legislatura Norberto La Porta in memoriam"]
[Site "Buenos Aires, ARG"]
[Date "2009.04.01"]
[Round "1.15"]
[White "Della Morte, German"]
[Black "Martinez De Negri, Gonzalo"]
[Result "1-0"]
[WhiteElo "2382"]
[BlackElo "1949"]

1. e4 c5 2. Nf3 d6 3. d4 cxd4 4. Nxd4 Nf6 5. Nc3 g6 6. Be3 Bg7 7. f3 Nc6 8.
Qd2 O-O 9. O-O-O d5 10. Qe1 e5 11. Nxc6 bxc6 12. exd5 cxd5 13. Bg5 h6 14. Bh4
g5 15. Bg3 Re8 16. h4 Qa5 17. hxg5 hxg5 18. Kb1 Rb8 19. Nxd5 Qxe1 20. Nxf6+
Bxf6 21. Rxe1 Bf5 22. Bc4 a5 23. Re2 Rb4 24. b3 a4 25. Rhe1 axb3 26. axb3 e4
27. fxe4 Ra8 28. e5 Be7 29. Rf1 Bg6 30. e6 f6 31. Rd2 Rc8 32. Bd3 Rd4 33. Rfd1
Bb4 34. Bxg6 1-0

[Event "Abierto Legislatura Norberto La Porta in memoriam"]
[Site "Buenos Aires, ARG"]
[Date "2009.04.01"]
[Round "1.16"]
[White "Seidler, Daniel"]
[Black "Szmetan, Jorge"]
[Result "0-1"]
[WhiteElo "1880"]
[BlackElo "2374"]

1. e4 Nf6 2. e5 Nd5 3. d4 d6 4. c4 Nb6 5. Nf3 Bg4 6. Be2 c6 7. exd6 exd6 8.
Qc2 Be7 9. O-O O-O 10. Nbd2 Na6 11. Re1 Bh5 12. Nf1 Bg6 13. Qd1 Bf6 14. Bd2
Nc7 15. Bc3 Re8 16. Qd2 d5 17. b3 Ne6 18. a4 Rc8 19. a5 Na8 20. a6 b6 21. b4
dxc4 22. Bxc4 Nac7 23. Ne3 b5 24. Bf1 Nd5 25. Nxd5 Qxd5 26. Ne5 Red8 27. Rad1
Qb3 28. g3 c5 29. Rb1 Bxb1 0-1

[Event "Abierto Legislatura Norberto La Porta in memoriam"]
[Site "Buenos Aires, ARG"]
[Date "2009.04.01"]
[Round "1.18"]
[White "Perucca, Jorge"]
[Black "Goldwaser, Christian"]
[Result "0-1"]
[WhiteElo "1874"]
[BlackElo "2361"]

1. e4 e6 2. d4 d5 3. Nc3 Bb4 4. e5 c5 5. a3 Bxc3+ 6. bxc3 Nc6 7. Qg4 g6 8.
Bd3 Qa5 9. Bd2 Qa4 10. Nf3 c4 11. Be2 Bd7 12. O-O h6 13. Rfb1 O-O-O 14. Bd1 g5
15. Qh5 f6 16. h4 Be8 17. Qg4 Bf7 18. hxg5 hxg5 19. exf6 Nxf6 20. Qxg5 Ne4
21. Qg7 Rdf8 22. Bf4 Rhg8 23. Qh7 Qa5 24. Ne5 Qxc3 25. Bf3 Nxe5 26. Bxe5 Qxf3
0-1

[Event "Abierto Legislatura Norberto La Porta in memoriam"]
[Site "Buenos Aires, ARG"]
[Date "2009.04.01"]
[Round "1.19"]
[White "Lujan, Carolina"]
[Black "De Urquiza, Sebastian"]
[Result "1-0"]
[WhiteElo "2360"]
[BlackElo "1872"]

1. e4 e5 2. Nf3 Nf6 3. Nxe5 d6 4. Nf3 Nxe4 5. Nc3 Nxc3 6. dxc3 Be7 7. Bf4 Nd7
8. Qd2 O-O 9. O-O-O Nc5 10. Be3 Bg4 11. h3 Bxf3 12. gxf3 Ne6 13. f4 c6 14.
f5 Ng5 15. Bg2 d5 16. Rhg1 Ne4 17. Bxe4 dxe4 18. Bd4 f6 19. Qh6 Rf7 20. Bxf6
Bxf6 21. Rxd8+ Rxd8 22. Qe3 Rfd7 23. b4 h6 24. Kb2 a6 25. Rg4 Re8 26. Rxe4
Rxe4 27. Qxe4 Re7 28. Qd3 Kf7 29. Qc4+ Ke8 30. Qg8+ 1-0

[Event "Abierto Legislatura Norberto La Porta in memoriam"]
[Site "Buenos Aires, ARG"]
[Date "2009.04.01"]
[Round "1.21"]
[White "Schweber, Samuel"]
[Black "Friedheim, Diego"]
[Result "1-0"]
[WhiteElo "2349"]
[BlackElo "1869"]

1. e4 d6 2. d4 Nf6 3. Nc3 g6 4. Nf3 Bg7 5. h3 O-O 6. Be3 c6 7. a4 Qc7 8. Bc4
Nxe4 9. Nxe4 d5 10. Ned2 dxc4 11. Nxc4 Be6 12. Qe2 Na6 13. c3 c5 14. Ncd2
Rad8 15. O-O Bc8 16. dxc5 Nxc5 17. Qc4 b6 18. Bxc5 Qxc5 19. Qxc5 bxc5 20. Rfe1
Rfe8 21. Nb3 c4 22. Na5 e5 23. Nc6 Rd7 24. Ncxe5 Rc7 25. Ng4 Be6 26. Ng5 Rb8
27. Nxe6 fxe6 28. Re2 Rcb7 29. Ra2 {Planilla ilegible} 1-0

[Event "Abierto Legislatura Norberto La Porta in memoriam"]
[Site "Buenos Aires, ARG"]
[Date "2009.04.01"]
[Round "1.22"]
[White "Tierno De La Rosa, Juan Pablo"]
[Black "Bielicki, Carlos"]
[Result "0-1"]
[WhiteElo "1865"]
[BlackElo "2343"]

1. e4 e5 2. Nc3 Nc6 3. f4 exf4 4. Nf3 g5 5. h4 g4 6. Ng5 h6 7. Nxf7 Kxf7 8.
Bc4+ d5 9. Bxd5+ Kg7 10. d4 Nf6 11. Bxf4 Bb4 12. Bxc6 bxc6 13. Qd3 Rf8 14. h5
Qe7 15. O-O-O Be6 16. e5 Nxh5 17. Bxh6+ Kxh6 18. Rxh5+ Kxh5 19. Rh1+ Kg5 20.
Ne4+ Kg6 0-1

[Event "Abierto Legislatura Norberto La Porta in memoriam"]
[Site "Buenos Aires, ARG"]
[Date "2009.04.01"]
[Round "1.23"]
[White "Garcia, Raimundo"]
[Black "Bertolotti, Bruno"]
[Result "1-0"]
[WhiteElo "2342"]
[BlackElo "1863"]

1. Nf3 Nf6 2. g3 d5 3. Bg2 g6 4. O-O Bg7 5. d3 O-O 6. Nbd2 c6 7. Re1 Nbd7 8.
e4 dxe4 9. Nxe4 e6 10. Nd6 Nb6 11. Ne4 Nbd7 12. d4 Nxe4 13. Rxe4 Qb6 14. a4
c5 15. Ra3 Rd8 16. Qe2 Nf6 17. Rh4 Ne8 18. Rb3 Qc7 19. Rd3 f6 20. Bh3 Qf7 21.
Re4 Nc7 22. c4 f5 23. Rh4 Bf6 24. Bg5 b6 25. Ne5 1-0

[Event "Abierto Legislatura Norberto La Porta in memoriam"]
[Site "Buenos Aires, ARG"]
[Date "2009.04.01"]
[Round "1.24"]
[White "Toranzo, Sebastian"]
[Black "Seidler, Aldo E."]
[Result "0-1"]
[WhiteElo "1859"]
[BlackElo "2330"]

1. e4 c5 2. Nf3 e6 3. d4 cxd4 4. Nxd4 Nc6 5. Nc3 a6 6. Be3 Nf6 7. Bd3 Qc7 8.
O-O h5 9. h3 Nxd4 10. Bxd4 Bc5 11. Be2 b5 12. e5 Nh7 13. Bxb5 Bxd4 14. Qxd4
axb5 15. Nxb5 Qc6 16. Nd6+ Kf8 17. Rad1 Bb7 18. Nxb7 Qxb7 19. Qxd7 Qxd7 20.
Rxd7 g5 21. Rfd1 Ra5 22. Re1 Kg7 23. b4 Rxa2 24. c4 Rc8 25. c5 Nf8 26. Rb7 Rb2
27. Rc1 Ng6 28. c6 Nf4 29. Kf1 Rxc6 0-1

[Event "Abierto Legislatura Norberto La Porta in memoriam"]
[Site "Buenos Aires, ARG"]
[Date "2009.04.01"]
[Round "1.26"]
[White "Gaztanaga, Pablo"]
[Black "Perelman, Hernan"]
[Result "0-1"]
[WhiteElo "1977"]
[BlackElo "2326"]

1. e4 c5 2. Nf3 e6 3. d4 cxd4 4. Nxd4 a6 5. Nc3 Qc7 6. g3 Nf6 7. Bg2 Be7 8.
O-O d6 9. a4 Nc6 10. Nb3 b6 11. g4 Bb7 12. g5 Nd7 13. f4 O-O 14. Rf3 Rfe8 15.
Rh3 g6 16. Be3 Rac8 17. Qe1 Bf8 18. Qh4 h6 19. e5 dxe5 20. Rd1 Ne7 21. gxh6
Bxg2 22. Kxg2 Nf5 23. Qg5 Kh7 24. Ne4 Qxc2+ 25. Nf2 Be7 26. Qg4 Nf6 0-1

[Event "Abierto Legislatura Norberto La Porta in memoriam"]
[Site "Buenos Aires, ARG"]
[Date "2009.04.01"]
[Round "1.27"]
[White "Blit, Jacques"]
[Black "Chiappano, Marcelo"]
[Result "1-0"]
[WhiteElo "2324"]
[BlackElo "1855"]

1. a3 d5 2. g3 g6 3. Bg2 Bg7 4. c4 Nf6 5. cxd5 Nxd5 6. Nf3 O-O 7. O-O c5 8.
Nc3 e6 9. Qc2 b6 10. d4 cxd4 11. Nxd5 exd5 12. Rd1 Bf5 13. Qa4 d3 14. Ne1 Qd7
15. Qxd7 Nxd7 16. Nxd3 Rae8 17. Kf1 Be4 18. Nf4 Bxg2+ 19. Kxg2 d4 20. Ra2 Nc5
21. b4 Na4 22. Rd3 Nc3 23. Rc2 g5 24. Nh5 Nxe2 25. Bxg5 Re5 26. f4 Re4 27.
Bf6 Bh8 28. Bxh8 Kxh8 29. Nf6 Re6 30. Nd7 Rfe8 31. Ne5 f6 32. Nf3 Rd6 33. Kf2
Nc3 34. Rcxc3 1-0

[Event "Abierto Legislatura Norberto La Porta in memoriam"]
[Site "Buenos Aires, ARG"]
[Date "2009.04.01"]
[Round "1.30"]
[White "Cabezas, Santiago"]
[Black "Meza, Hugo"]
[Result "0-1"]
[WhiteElo "1850"]
[BlackElo "2315"]

1. e4 c5 2. Nf3 Nc6 3. d3 g6 4. g3 Bg7 5. Bg2 e6 6. O-O Nge7 7. Nbd2 O-O 8.
Nh4 d5 9. f4 b5 10. Nhf3 a5 11. c3 a4 12. Qe2 a3 13. e5 axb2 14. Bxb2 c4 15.
Rfd1 cxd3 16. Qxd3 Ba6 17. Qe3 Na5 18. Nd4 Qc7 19. Bf1 Nc4 20. Nxc4 bxc4 21.
Ba3 Bb7 22. Bd6 Qd7 23. g4 Ra6 24. Bb4 Rfa8 25. Rd2 Nc6 26. Nxc6 Qxc6 27. Bc5
Ra5 28. Bd4 Bc8 29. Bh3 R8a6 30. Rf2 Qa8 31. Qe2 Bf8 0-1

[Event "Abierto Legislatura Norberto La Porta in memoriam"]
[Site "Buenos Aires, ARG"]
[Date "2009.04.01"]
[Round "1.32"]
[White "Saragossi, Guido"]
[Black "Villanueva, Mario"]
[Result "0-1"]
[WhiteElo "1845"]
[BlackElo "2311"]

1. e4 e5 2. Nf3 Nf6 3. Nc3 Nc6 4. d4 Bb4 5. Nxe5 Bxc3+ 6. bxc3 Qe7 7. Nxc6
Qxe4+ 8. Qe2 dxc6 9. f3 Qxe2+ 10. Bxe2 Bf5 11. Kd2 O-O-O 12. g4 Bg6 13. h4 h5
14. Bb2 hxg4 15. Rae1 Rde8 16. Bd1 Rxe1 17. Rxe1 gxf3 18. Bxf3 Rxh4 19. Re2
Be4 20. Bxe4 Nxe4+ 21. Kd3 f5 0-1

[Event "Abierto Legislatura Norberto La Porta in memoriam"]
[Site "Buenos Aires, ARG"]
[Date "2009.04.01"]
[Round "1.40"]
[White "Talavera, Matias"]
[Black "Olivera, Horacio"]
[Result "0-1"]
[WhiteElo "1812"]
[BlackElo "2257"]

1. d4 Nf6 2. c4 d6 3. Nc3 c6 4. e4 e5 5. dxe5 dxe5 6. Qxd8+ Kxd8 7. Bg5 Nbd7
8. O-O-O Kc7 9. g3 Bc5 10. f4 Ng4 11. Nh3 f6 12. Bh4 Nb6 13. f5 g5 14. fxg6
hxg6 15. Be2 g5 16. Rdf1 gxh4 17. gxh4 Rxh4 18. Bxg4 Bxg4 19. Nf2 Bf3 20. Rhg1
Rd8 21. Rg3 Bxf2 22. Rxf3 Bd4 23. Rxf6 Bxc3 24. bxc3 Nxc4 25. R1f2 Rdh8 26.
R6f3 Rxh2 27. Rf7+ Kb6 28. Kc2 Kc5 29. R7f6 a5 30. a4 R8h3 0-1

[Event "Abierto Legislatura Norberto La Porta in memoriam"]
[Site "Buenos Aires, ARG"]
[Date "2009.04.01"]
[Round "1.41"]
[White "Rago, Sergio"]
[Black "Veron, Jorge Anibal"]
[Result "1-0"]
[WhiteElo "2250"]
[BlackElo "1851"]

1. e4 c6 2. d4 d5 3. e5 Bf5 4. Bd3 Bxd3 5. Qxd3 e6 6. Ne2 Qa5+ 7. Bd2 Qa6 8.
Qxa6 Nxa6 9. Nbc3 c5 10. dxc5 Bxc5 11. Na4 Ne7 12. a3 Nc6 13. b4 Nd4 14. Nxc5
Nxc2+ 15. Kd1 Nxa1 16. Nd4 1-0

[Event "Abierto Legislatura Norberto La Porta in memoriam"]
[Site "Buenos Aires, ARG"]
[Date "2009.04.01"]
[Round "1.45"]
[White "Converset, Juan Jose"]
[Black "Saitta, Jorge"]
[Result "1-0"]
[WhiteElo "2239"]
[BlackElo "1806"]

1. e4 c5 2. Nf3 d6 3. d4 cxd4 4. Nxd4 e5 5. Bb5+ Nd7 6. Nf5 a6 7. Be2 Nc5 8.
Ng3 Nf6 9. Nc3 Be6 10. f4 exf4 11. Bxf4 Be7 12. O-O Qb6 13. Be3 Qxb2 14. Nd5
Bxd5 15. exd5 Qa3 16. Rf3 Qa5 17. Nf5 Bf8 18. Bd4 Nce4 19. Re3 Qxd5 20. Ng3
Kd7 21. Bg4+ Kc7 22. Nxe4 Nxg4 23. Bb6+ Kxb6 24. Qxd5 1-0

[Event "Abierto Legislatura Norberto La Porta in memoriam"]
[Site "Buenos Aires, ARG"]
[Date "2009.04.01"]
[Round "1.47"]
[White "Krysa, Leandro"]
[Black "Garavagno, Martin"]
[Result "1-0"]
[WhiteElo "2238"]
[BlackElo "1781"]

1. d4 Nf6 2. c4 g6 3. Nc3 Bg7 4. e4 d6 5. f3 O-O 6. Be3 c5 7. dxc5 dxc5 8. e5
Nfd7 9. f4 Nc6 10. Nf3 f6 11. exf6 exf6 12. Be2 Re8 13. Qd2 Nb4 14. Rc1 Qe7
15. Kf2 Nb6 16. Nd5 N6xd5 17. cxd5 b6 18. a3 Na6 19. d6 Qd7 20. Qd5+ Qe6 21.
Qxe6+ Rxe6 22. d7 Bb7 23. Bc4 Nc7 24. f5 gxf5 25. Bf4 Nd5 26. Bxd5 Bxd5 27.
Bc7 Re7 28. d8=Q+ Rxd8 29. Bxd8 Rd7 30. Rhd1 Rxd8 31. Rc3 c4 32. Rxc4 Bxc4 33.
Rxd8+ Bf8 34. Nd4 a6 35. Rc8 b5 36. b4 Kf7 37. Rc6 Kg6 38. Rxa6 Bh6 39. Ra5
Bc1 40. g3 f4 41. gxf4 Bxf4 42. Nxb5 Bxh2 43. Nc3 Bc7 44. Ra8 Be5 45. Ne2 Bc7
46. a4 Bb6+ 47. Ke1 h5 48. a5 Be3 49. Rc8 Ba6 50. Rb8 Bc4 51. b5 h4 52. b6
Kf5 53. b7 Ba6 54. Re8 Ba7 55. b8=Q Bxb8 56. Rxb8 h3 57. Kf2 Kg4 58. Rg8+ Kh4
59. Ng3 1-0

[Event "Abierto Legislatura Norberto La Porta in memoriam"]
[Site "Buenos Aires, ARG"]
[Date "2009.04.01"]
[Round "1.48"]
[White "Latrecchiana, Christian"]
[Black "Grushka, Carlos"]
[Result "0-1"]
[WhiteElo "1779"]
[BlackElo "2235"]

1. e4 e6 2. d4 d5 3. Nc3 Bb4 4. e5 c5 5. a3 Bxc3+ 6. bxc3 Qc7 7. Nf3 Ne7 8.
a4 b6 9. Bb5+ Bd7 10. Bd3 Nbc6 11. O-O h6 12. Ba3 Na5 13. Nd2 O-O 14. Nb3 Nc4
15. Bc1 Nxe5 16. dxe5 c4 17. Qe1 cxd3 18. cxd3 Ng6 19. f4 f6 20. Bd2 fxe5 21.
fxe5 Rxf1+ 22. Qxf1 Rf8 23. Qe2 Qxe5 24. Qg4 Qf6 25. Qd4 e5 26. Qe3 Nf4 27.
d4 Qg6 28. g3 Nh3+ 29. Kh1 Bf5 0-1

[Event "Abierto Legislatura Norberto La Porta in memoriam"]
[Site "Buenos Aires, ARG"]
[Date "2009.04.03"]
[Round "2.01"]
[White "Campagnoni, Diego"]
[Black "Flores, Diego"]
[Result "0-1"]
[WhiteElo "2086"]
[BlackElo "2585"]

1. d4 d6 2. c4 e5 3. dxe5 dxe5 4. Qxd8+ Kxd8 5. Nc3 Be6 6. b3 Nd7 7. Bb2 c6
8. Nf3 f6 9. e3 Kc7 10. Be2 Ne7 11. Rc1 Nc8 12. O-O Ncb6 13. Rfd1 Nc5 14. Ne1
a5 15. Nd3 Nbd7 16. Bf3 Nxd3 17. Rxd3 Nc5 18. Rd2 Be7 19. Ne4 a4 20. Nxc5
Bxc5 21. Be4 Bb4 22. Rdd1 axb3 23. axb3 Ba3 24. Rb1 Bxb2 25. Rxb2 Ra3 26. Kf1 f5
27. Bf3 Rxb3 28. Rc2 Ra8 29. Be2 Rba3 30. g3 Ra1 31. Rxa1 Rxa1+ 32. Kg2 Ra5
33. c5 Bb3 34. Rc3 Bd5+ 35. Bf3 g5 36. h3 h5 37. e4 Bxe4 38. Bxe4 fxe4 39.
Kf1 Kd7 0-1

[Event "Abierto Legislatura Norberto La Porta in memoriam"]
[Site "Buenos Aires, ARG"]
[Date "2009.04.03"]
[Round "2.02"]
[White "Radoszta, Armando E."]
[Black "Rodriguez Vila, Andres"]
[Result "0-1"]
[WhiteElo "2083"]
[BlackElo "2524"]

1. d4 f5 2. c4 Nf6 3. Nc3 d6 4. Nf3 g6 5. Qc2 Bg7 6. Bg5 O-O 7. O-O-O Nc6 8.
e3 Bd7 9. Kb1 Ne4 10. Nxe4 fxe4 11. Ne1 Qe8 12. Ka1 Nb4 13. Qd2 Bg4 14. Rc1
Qa4 15. a3 a5 16. h3 Qb3 17. axb4 axb4+ 18. Kb1 Qa2+ 0-1

[Event "Abierto Legislatura Norberto La Porta in memoriam"]
[Site "Buenos Aires, ARG"]
[Date "2009.04.03"]
[Round "2.03"]
[White "Trejo, Juan Francisco"]
[Black "Valerga, Diego"]
[Result "0-1"]
[WhiteElo "2076"]
[BlackElo "2523"]

1. e4 c5 2. Nf3 Nc6 3. d4 cxd4 4. Nxd4 Nf6 5. Nc3 d6 6. Be2 e6 7. Be3 Be7 8.
O-O O-O 9. Qd2 a6 10. f3 Qc7 11. Rac1 Bd7 12. Rfd1 Rfd8 13. Kh1 b5 14. a3 Ne5
15. b3 Rac8 16. Nb1 d5 17. exd5 Nxd5 18. Bf2 Qb7 19. f4 Nc6 20. c4 Nxd4 21.
Bxd4 bxc4 22. bxc4 Nf6 23. Qa5 Bc6 24. Bf1 Rd7 25. Nc3 h5 26. Rb1 Qa8 27. Bb6
h4 28. h3 Rxd1 29. Rxd1 Qb8 30. Ne2 Nd7 31. c5 Bxc5 32. Bxc5 Nxc5 33. Nd4
Bd5 34. Nf5 exf5 35. Rxd5 Qxf4 36. Rd1 Ne4 37. Re1 Rc2 38. Qb6 Nf2+ 0-1

[Event "Abierto Legislatura Norberto La Porta in memoriam"]
[Site "Buenos Aires, ARG"]
[Date "2009.04.03"]
[Round "2.04"]
[White "Mareco, Sandro"]
[Black "Leeuw, Pablo Gabriel"]
[Result "1-0"]
[WhiteElo "2512"]
[BlackElo "2072"]

1. d4 e6 2. c4 f5 3. g3 Nf6 4. Bg2 d5 5. Nh3 c6 6. Qc2 Bd6 7. O-O O-O 8. Bf4
Be7 9. Nd2 Ne4 10. Nxe4 fxe4 11. f3 exf3 12. exf3 Bf6 13. Be3 Na6 14. f4 Bd7
15. Nf2 Be8 16. cxd5 cxd5 17. Bh3 Qb6 18. Qb3 Bd7 19. Qxb6 axb6 20. Nd3 Rac8
21. Ne5 Bxe5 22. dxe5 Rc6 23. a3 Nc5 24. Rfd1 Rfc8 25. b4 Na4 26. Rxd5 exd5
27. Bxd7 Rd8 28. Bxc6 bxc6 29. e6 Kf8 30. f5 h6 31. Re1 Ke7 32. Bd4 Rg8 33. g4
c5 34. Be5 c4 35. Rd1 c3 36. Rxd5 c2 37. Rd7+ Ke8 38. Rc7 Nc5 39. Bf4 Kd8
40. e7+ 1-0

[Event "Abierto Legislatura Norberto La Porta in memoriam"]
[Site "Buenos Aires, ARG"]
[Date "2009.04.03"]
[Round "2.05"]
[White "Prieto, Marcelo"]
[Black "Slipak, Sergio"]
[Result "0-1"]
[WhiteElo "2073"]
[BlackElo "2446"]

1. d4 Nf6 2. c4 e6 3. Nc3 Bb4 4. a3 Bxc3+ 5. bxc3 c5 6. e3 d6 7. Bd3 e5 8.
Ne2 Nc6 9. d5 Ne7 10. e4 Ng6 11. O-O O-O 12. f3 h6 13. Be3 Nh7 14. Qd2 Qh4 15.
Ng3 Nf4 16. Nf5 Bxf5 17. exf5 Nxd3 18. Qxd3 Rfe8 19. Bf2 Qd8 20. Rfe1 Qa5 21.
a4 Rab8 22. Qc2 Nf6 23. Bh4 Nd7 24. Reb1 Qc7 25. a5 f6 26. Bg3 Re7 27. Ra2
Nf8 28. h4 Qd7 29. Rab2 Qe8 30. Re1 h5 31. Kh2 g6 32. fxg6 Qxg6 33. Qxg6+ Nxg6
34. a6 b6 35. Bf2 f5 36. g3 Rf8 37. Rbe2 Kh7 38. Be3 f4 39. Bxf4 Nxf4 40.
gxf4 Rxf4 41. Re4 Rxf3 42. R1e3 Ref7 43. Kg2 Rxe3 44. Rxe3 Rf4 0-1

[Event "Abierto Legislatura Norberto La Porta in memoriam"]
[Site "Buenos Aires, ARG"]
[Date "2009.04.03"]
[Round "2.06"]
[White "Real De Azua, Ernesto"]
[Black "Ravazzoli, Omar"]
[Result "1-0"]
[WhiteElo "2446"]
[BlackElo "2067"]

1. d4 g6 2. e4 Bg7 3. Nc3 d5 4. exd5 Nf6 5. Bc4 Nbd7 6. Nf3 Nb6 7. Bb3 a5 8.
a4 O-O 9. O-O Nbxd5 10. Nxd5 Nxd5 11. Re1 c6 12. Ne5 Be6 13. c3 Qc7 14. Nd3
Rad8 15. Bg5 b6 16. Qc1 Rfe8 17. Bc2 Bf5 18. Bh4 c5 19. Bg3 Qc8 20. dxc5 bxc5
21. Ne5 Be6 22. Bd3 c4 23. Bxc4 Bxe5 24. Bxd5 Bxg3 25. Bxe6 Bxf2+ 26. Kxf2
fxe6 27. Qe3 Rf8+ 28. Kg1 Rf6 29. b3 Qc6 30. Rad1 Rdf8 31. Rd2 Qa6 32. c4 Qc6
33. h3 Kg7 34. Kh2 Rb8 35. Rd3 Rbf8 36. Qe5 Qb6 37. Ree3 Kg8 38. Rd7 Qb4 39.
Qb5 Qa3 40. Qxa5 Rf1 41. Rd8 Qc1 42. Rxf8+ Kxf8 43. Rf3+ Rxf3 44. Qa8+ 1-0

[Event "Abierto Legislatura Norberto La Porta in memoriam"]
[Site "Buenos Aires, ARG"]
[Date "2009.04.03"]
[Round "2.07"]
[White "Fernandez, Marcelo Fabian"]
[Black "Diaz Hollemaert, Nahuel"]
[Result "0-1"]
[WhiteElo "2068"]
[BlackElo "2443"]

1. e4 c5 2. Nf3 Nc6 3. d3 g6 4. g3 Bg7 5. Bg2 Nf6 6. c3 O-O 7. Be3 c4 8. e5
Ng4 9. d4 d6 10. exd6 exd6 11. Na3 d5 12. Qd2 Re8 13. O-O Nxe3 14. fxe3 Bf5
15. Ne1 Qd7 16. b3 Bh6 17. Nac2 Na5 18. b4 Nc6 19. a3 a5 20. b5 Na7 21. a4 Nc8
22. Kh1 Qe6 23. Qf2 Nd6 24. Rc1 Bd3 25. Rg1 Ne4 26. Bxe4 Bxe4+ 27. Ng2 Qh3
28. Rge1 Re6 29. Kg1 g5 30. Rf1 Rf8 31. Qd2 f5 32. Nce1 Ref6 33. Rf2 f4 34.
exf4 gxf4 35. gxf4 Rg6 36. Ra1 Bxf4 0-1

[Event "Abierto Legislatura Norberto La Porta in memoriam"]
[Site "Buenos Aires, ARG"]
[Date "2009.04.03"]
[Round "2.08"]
[White "Dos Santos, Ramiro"]
[Black "Blanco, Marcos"]
[Result "1-0"]
[WhiteElo "2441"]
[BlackElo "2062"]

1. e4 e5 2. Nf3 Nf6 3. Nc3 Bb4 4. Nxe5 O-O 5. Be2 Re8 6. Nd3 Bxc3 7. dxc3
Nxe4 8. O-O d5 9. Nf4 c6 10. Be3 Nd7 11. c4 Ndf6 12. cxd5 Nxd5 13. Nxd5 Qxd5 14.
Qxd5 cxd5 15. Bb5 Rd8 16. Rad1 Be6 17. Rfe1 Nd6 18. Bf1 b6 19. Bd4 Rac8 20.
c3 Re8 21. f3 f6 22. g4 Bf7 23. h3 Be6 24. Ba6 Rcd8 25. Bf2 Kf7 26. Bg3 Nc8
27. Bc7 Rd7 28. Bb5 Ree7 29. Bxd7 Rxd7 30. Bg3 Ne7 31. Rd2 Nc6 32. Rde2 Re7
33. Bd6 Re8 34. f4 g6 35. Kf2 1-0

[Event "Abierto Legislatura Norberto La Porta in memoriam"]
[Site "Buenos Aires, ARG"]
[Date "2009.04.03"]
[Round "2.09"]
[White "Torella, Rodolfo"]
[Black "Liascovich, Lucas"]
[Result "0-1"]
[WhiteElo "2062"]
[BlackElo "2439"]

1. e4 e5 2. Nf3 Nc6 3. Bb5 g6 4. c3 d6 5. d4 Bd7 6. dxe5 Nxe5 7. Nxe5 dxe5 8.
Bxd7+ Qxd7 9. Qxd7+ Kxd7 10. Be3 f5 11. exf5 gxf5 12. f4 Bh6 13. O-O Nf6 14.
Na3 Nd5 15. Nc4 Ke6 16. Rae1 e4 17. g4 Rhg8 18. g5 Bf8 19. Bd4 b5 20. Ne3
Rd8 21. Nxd5 Rxd5 22. Rd1 c5 23. Be3 Rd3 24. Kf2 Bd6 25. Ke2 c4 26. h4 a5 27.
a3 b4 28. axb4 axb4 29. Rc1 Ra8 30. cxb4 Ra2 31. Rc2 c3 32. b5 Rxb2 33. Rfc1
Ba3 34. b6 Kd5 35. h5 Rxc2+ 36. Rxc2 Kc4 37. b7 Rd8 38. Ba7 Bd6 39. Ra2 Bxf4
40. g6 hxg6 41. hxg6 Kb3 42. Ra6 Rd2+ 43. Kf1 Rd7 44. b8=Q+ Bxb8 45. Bxb8 c2 {
Planilla ilegible} 0-1